[Event "24. Torneo San Viator"]
[Site "Madrid ESP"]
[Date "2015.05.17"]
[Round "7.6"]
[White "Andalon Gomez, Carlos J"]
[Black "Julian Serra, Rogelio"]
[Result "1-0"]
[WhiteElo "2022"]
[BlackElo "1984"]
[PlyCount "59"]
[EventDate "2015.03.22"]
[EventType "swiss"]
[EventRounds "9"]
[EventCountry "ESP"]
[Source "lmi"]
[SourceDate "2015.03.22"]

1. d4 g6 2. c4 Bg7 3. Nc3 d6 4. e4 e5 5. dxe5 dxe5 6. Qxd8+ Kxd8 7. Be3 Be6 8.
O-O-O+ Nd7 9. f3 Bh6 10. Bxh6 Nxh6 11. g4 f6 12. h4 c6 13. Nh3 Kc7 14. g5 Nf7
15. Rg1 Rad8 16. Nf2 Nc5 17. b4 Rxd1+ 18. Nfxd1 Nd7 19. Ne3 Rf8 20. Ned5+ Bxd5
21. cxd5 fxg5 22. hxg5 Nxg5 23. Rxg5 Rxf3 24. Kd2 Rf2+ 25. Be2 cxd5 26. Nxd5+
Kd6 27. Ke3 Rh2 28. Rg1 Nf8 29. Rf1 Nd7 30. Rf7 1-0

[Event "24. Torneo San Viator"]
[Site "Madrid ESP"]
[Date "2015.05.17"]
[Round "7.7"]
[White "Rodriguez Orgaz, Cesar"]
[Black "Garcia Galeote, Lorenzo"]
[Result "1/2-1/2"]
[WhiteElo "1868"]
[BlackElo "1961"]
[PlyCount "164"]
[EventDate "2015.03.22"]
[EventType "swiss"]
[EventRounds "9"]
[EventCountry "ESP"]
[Source "lmi"]
[SourceDate "2015.03.22"]

1. e4 b6 2. d4 Bb7 3. Nc3 e6 4. Bd3 d6 5. Nf3 Nd7 6. Bf4 h6 7. h3 a6 8. Qe2 Ne7
9. Nd1 g6 10. Ne3 Bg7 11. c3 O-O 12. O-O Nf6 13. Ng4 Nxg4 14. hxg4 Qd7 15. e5
Bxf3 16. Qxf3 dxe5 17. Bxe5 Bxe5 18. dxe5 c5 19. Rad1 Qc7 20. Qf4 Kg7 21. Qf6+
Kh7 22. Rfe1 Nd5 23. Qh4 Qe7 24. Qg3 b5 25. Be4 Rad8 26. Qf3 Nb6 27. b3 Kg7 28.
Qe3 Qc7 29. Qf4 Nd5 30. Qf3 f6 31. exf6+ Rxf6 32. Qd3 Rdf8 33. f3 c4 34. Qd4
cxb3 35. Bxd5 exd5 36. axb3 Qb6 37. Qxb6 Rxb6 38. Rxd5 Rc6 39. Re3 Rf7 40. Kf2
Rfc7 41. Rdd3 g5 42. Ke2 a5 43. Re5 b4 44. cxb4 axb4 45. Rb5 Rc2+ 46. Rd2 Re7+
47. Kd1 Rc3 48. Rxb4 Ree3 49. Rb7+ Kf6 50. b4 Ra3 51. Rc7 Reb3 52. Rc4 Ra4 53.
Rd6+ Ke5 54. Rxh6 Ra1+ 55. Kc2 Rab1 56. Kd2 R1b2+ 57. Rc2 Rxb4 58. g3 R4b3 59.
Rxb2 Rxb2+ 60. Ke3 Rb3+ 61. Ke2 Rb2+ 62. Kf1 Rb3 63. Kg2 Rb2+ 64. Kh3 Rf2 65.
Rg6 Rxf3 66. Rxg5+ Kf6 67. Rc5 Rf1 68. g5+ Kg6 69. Kg4 Rg1 70. Rc6+ Kg7 71. Rc3
Kg6 72. Rf3 Ra1 73. Rf6+ Kg7 74. Re6 Rg1 75. Rd6 Kf7 76. Rd2 Kg6 77. Rf2 Kg7
78. Kf4 Ra1 79. g4 Kg6 80. Re2 Ra4+ 81. Re4 Rxe4+ 82. Kxe4 Kxg5 1/2-1/2

[Event "24. Torneo San Viator"]
[Site "Madrid ESP"]
[Date "2015.05.17"]
[Round "7.8"]
[White "Caamano Jimenez, Luis"]
[Black "Unciti Juan, Javier"]
[Result "0-1"]
[WhiteElo "1756"]
[BlackElo "2096"]
[PlyCount "53"]
[EventDate "2015.03.22"]
[EventType "swiss"]
[EventRounds "9"]
[EventCountry "ESP"]
[Source "lmi"]
[SourceDate "2015.03.22"]

1. g3 e5 2. Bg2 d5 3. c4 d4 4. d3 Nf6 5. Nf3 c6 6. O-O Bd6 7. Bg5 O-O 8. Nbd2
h6 9. Bxf6 Qxf6 10. Ne4 Qe7 11. Qb3 a5 12. a3 a4 13. Qc2 Bc7 14. b4 axb3 15.
Qxb3 f5 16. Nh4 Kh7 17. e3 g5 18. Qd1 gxh4 19. Qh5 fxe4 20. Bxe4+ Kg8 21. exd4
Qg5 22. Qe2 exd4 23. Kh1 Bh3 24. Rg1 hxg3 25. Rxg3 Bxg3 26. Rg1 Rxf2 27. Bh7+
0-1

[Event "24. Torneo San Viator"]
[Site "Madrid ESP"]
[Date "2015.05.17"]
[Round "7.9"]
[White "Serrano Gonzalez, Oscar"]
[Black "Mazo Fernandez, Roberto"]
[Result "0-1"]
[WhiteElo "1725"]
[BlackElo "1966"]
[PlyCount "46"]
[EventDate "2015.03.22"]
[EventType "swiss"]
[EventRounds "9"]
[EventCountry "ESP"]
[Source "lmi"]
[SourceDate "2015.03.22"]

1. e4 c5 2. Nf3 d6 3. d4 cxd4 4. Nxd4 Nf6 5. Nc3 a6 6. Bg5 e6 7. f4 Be7 8. Qf3
Qc7 9. O-O-O O-O 10. g4 Nc6 11. Nb3 Rb8 12. Bxf6 Bxf6 13. g5 Be7 14. h4 b5 15.
a3 b4 16. axb4 Nxb4 17. Bd3 Bb7 18. Rhg1 d5 19. exd5 Nxd5 20. Nxd5 Bxd5 21.
Bxh7+ Kxh7 22. Qh5+ Kg8 23. g6 fxg6 0-1

[Event "24. Torneo San Viator"]
[Site "Madrid ESP"]
[Date "2015.05.17"]
[Round "7.10"]
[White "Dominguez Afonso, Ayraldo"]
[Black "Gueler Berdasco, Martin"]
[Result "0-1"]
[WhiteElo "1604"]
[BlackElo "1917"]
[PlyCount "44"]
[EventDate "2015.03.22"]
[EventType "swiss"]
[EventRounds "9"]
[EventCountry "ESP"]
[Source "lmi"]
[SourceDate "2015.03.22"]

1. e4 c5 2. Nf3 d6 3. d4 cxd4 4. Nxd4 Nf6 5. Nc3 g6 6. Be3 Bg7 7. f3 O-O 8. Qd2
Nc6 9. Bc4 Bd7 10. O-O-O Rb8 11. g4 Ne5 12. Bb3 b5 13. a3 Qa5 14. Nd5 Qxd2+ 15.
Rxd2 Nxd5 16. Bxd5 b4 17. h4 bxa3 18. h5 Rxb2 19. hxg6 Rfb8 20. gxf7+ Kf8 21.
Bb3 Nc4 22. Bh6 Bxh6 0-1

[Event "24. Torneo San Viator"]
[Site "Madrid ESP"]
[Date "2015.05.17"]
[Round "7.11"]
[White "Villacorta Nicolas, David"]
[Black "Camarero Izquierdo, Juan Carlo"]
[Result "1-0"]
[WhiteElo "1699"]
[BlackElo "1888"]
[PlyCount "73"]
[EventDate "2015.03.22"]
[EventType "swiss"]
[EventRounds "9"]
[EventCountry "ESP"]
[Source "lmi"]
[SourceDate "2015.03.22"]

1. e4 c5 2. Nf3 d6 3. d4 cxd4 4. Nxd4 Nf6 5. f3 a6 6. c4 Nc6 7. Be3 e5 8. Nb3
Be7 9. Nc3 Be6 10. Nd5 Bxd5 11. cxd5 Na5 12. Bd3 b5 13. Rc1 O-O 14. O-O Nd7 15.
Rf2 Nxb3 16. Qxb3 Bg5 17. Bb1 Nc5 18. Qc3 Na4 19. Qd2 Bxe3 20. Qxe3 Rc8 21.
Rfc2 Rxc2 22. Rxc2 f5 23. b3 Nc5 24. b4 f4 25. Qd2 Na4 26. Rc6 Qd7 27. Bc2 Rc8
28. Bxa4 bxa4 29. Qc2 Rb8 30. Rc7 Qd8 31. Qc6 h6 32. a3 a5 33. b5 Qh4 34. Rc8+
Kh7 35. Kf1 Rxc8 36. Qxc8 Qxh2 37. Qh3 1-0

[Event "24. Torneo San Viator"]
[Site "Madrid ESP"]
[Date "2015.05.17"]
[Round "7.12"]
[White "Ramirez De La Piscina G, Juan"]
[Black "Gonzalez Berrendero, Carlos"]
[Result "0-1"]
[WhiteElo "1685"]
[BlackElo "1779"]
[PlyCount "142"]
[EventDate "2015.03.22"]
[EventType "swiss"]
[EventRounds "9"]
[EventCountry "ESP"]
[Source "lmi"]
[SourceDate "2015.03.22"]

1. e4 c5 2. Nf3 Nc6 3. c3 d6 4. d4 Bg4 5. d5 Bxf3 6. Qxf3 Ne5 7. Bb5+ Nd7 8.
O-O a6 9. Bxd7+ Qxd7 10. Nd2 b5 11. b4 e5 12. dxe6 Qxe6 13. Nb3 Rd8 14. Bf4 Nf6
15. e5 dxe5 16. Bxe5 Be7 17. Rfe1 Qb6 18. Nxc5 O-O 19. Bd4 Qa7 20. Ne6 Rxd4 21.
Nxd4 Bd6 22. Nf5 Bb8 23. Ne7+ Kh8 24. Nc6 Qb7 25. Nxb8 Qxf3 26. gxf3 Rxb8 27.
Rad1 Ra8 28. Kg2 g6 29. f4 Rc8 30. Rd3 Nh5 31. Kf3 f5 32. Re7 Nf6 33. Ra7 Ne4
34. Rxa6 Nxc3 35. Rb6 Kg7 36. Rb7+ Kh6 37. Rdd7 Rh8 38. Rdc7 Nd5 39. Rc5 Nxb4
40. a3 Nd3 41. Rcxb5 Ra8 42. Ke3 Rxa3 43. Rb3 Rxb3 44. Rxb3 Nc5 45. Rc3 Ne4 46.
Rc1 Nf6 47. f3 Nd5+ 48. Kf2 Nxf4 49. Rc4 Nd3+ 50. Ke3 Ne5 51. Rh4+ Kg7 52. Kf4
Nf7 53. Ke3 g5 54. Ra4 f4+ 55. Ke4 Kg6 56. Ra6+ Kh5 57. Kf5 Nh8 58. Ra7 Kh6 59.
Ra6+ Ng6 60. Re6 Kh5 61. Re8 Nh4+ 62. Ke4 Ng2 63. Re7 h6 64. Re6 Ne3 65. Ra6
Nf1 66. Ra2 Kh4 67. Rf2 Ne3 68. Ke5 Kh3 69. Ke4 Ng2 70. Rxg2 Kxg2 71. h4 g4 0-1

[Event "24. Torneo San Viator"]
[Site "Madrid ESP"]
[Date "2015.05.17"]
[Round "7.14"]
[White "Martin Lozano, Miguel Angel"]
[Black "Martinez Barahona, Ismael"]
[Result "0-1"]
[WhiteElo "1758"]
[BlackElo "1818"]
[PlyCount "86"]
[EventDate "2015.03.22"]
[EventType "swiss"]
[EventRounds "9"]
[EventCountry "ESP"]
[Source "lmi"]
[SourceDate "2015.03.22"]

1. d4 Nf6 2. Bf4 d5 3. e3 c5 4. c3 Nc6 5. Nf3 Qb6 6. Na3 c4 7. b4 Ne4 8. Qc1 e6
9. Nd2 Nxd2 10. Kxd2 a5 11. b5 Na7 12. Rb1 Bd7 13. Bc7 Qxc7 14. b6 Qd6 15. Nxc4
dxc4 16. bxa7 Rxa7 17. Bxc4 Be7 18. Bb5 Bxb5 19. Rxb5 O-O 20. c4 Qc6 21. a4
Bb4+ 22. Ke2 Rc8 23. c5 Qxg2 24. Rg1 Qd5 25. c6 Qxc6 26. Qa1 Qc2+ 27. Kf3 Qc6+
28. Ke2 f5 29. Re5 Rd8 30. Qa2 Rd5 31. f4 Rxe5 32. fxe5 Ra8 33. Kf2 Rc8 34. Kg3
Qd5 35. Qe2 Qe4 36. Qh5 Qxe3+ 37. Kh4 Qxd4+ 38. Kh3 Qxg1 39. Qg5 Qg4+ 40. Qxg4
fxg4+ 41. Kxg4 Bd2 42. Kh5 Rc4 43. h4 g6# 0-1

[Event "24. Torneo San Viator"]
[Site "Madrid ESP"]
[Date "2015.05.17"]
[Round "7.15"]
[White "Martinez Rubio, Felipe"]
[Black "De Paredes Aguado, Alejandro"]
[Result "1-0"]
[WhiteElo "1793"]
[BlackElo "1506"]
[PlyCount "59"]
[EventDate "2015.03.22"]
[EventType "swiss"]
[EventRounds "9"]
[EventCountry "ESP"]
[Source "lmi"]
[SourceDate "2015.03.22"]

1. d4 d5 2. Nf3 e6 3. Bf4 Bd6 4. Ne5 f6 5. Nd3 Bxf4 6. Nxf4 Ne7 7. e3 Nd7 8.
Nxe6 Nb6 9. Nxd8 Kxd8 10. Bd3 Bd7 11. O-O Re8 12. Nd2 g6 13. b3 h5 14. c4 g5
15. Qxh5 c6 16. Qf3 Ng8 17. a4 dxc4 18. bxc4 g4 19. Qf4 Rf8 20. Rfb1 Rb8 21.
Qxb8+ Ke7 22. Qxa7 Nc8 23. Qxb7 Nd6 24. Qb4 f5 25. e4 fxe4 26. Nxe4 Kd8 27.
Qxd6 Ne7 28. Nc5 Ke8 29. Nxd7 Rg8 30. Nf6+ 1-0

[Event "24. Torneo San Viator"]
[Site "Madrid ESP"]
[Date "2015.05.17"]
[Round "7.17"]
[White "Martin Espeja, Jorge J"]
[Black "Rodriguez Garcia, Alberto"]
[Result "1-0"]
[WhiteElo "1830"]
[BlackElo "1800"]
[PlyCount "101"]
[EventDate "2015.03.22"]
[EventType "swiss"]
[EventRounds "9"]
[EventCountry "ESP"]
[Source "lmi"]
[SourceDate "2015.03.22"]

1. e4 c5 2. Nf3 d6 3. c3 Nf6 4. h3 g6 5. Bd3 Bg7 6. O-O O-O 7. Re1 Nc6 8. Bc2
b6 9. d4 cxd4 10. cxd4 e6 11. Nc3 Ba6 12. a3 Rc8 13. Be3 Na5 14. Nd2 Rc7 15.
Rc1 Qc8 16. Bf4 Rd8 17. Ba4 Nc4 18. Nxc4 Bxc4 19. Nb5 Bxb5 20. Bxb5 Rxc1 21.
Qxc1 d5 22. e5 Ne8 23. Qd2 Qb7 24. Rc1 Nc7 25. Bc6 Qa6 26. Qc2 h6 27. Ba4 Ne8
28. Bd2 Bf8 29. Qc6 Qd3 30. Be3 Qe2 31. Bd1 Qxb2 32. a4 Qb4 33. Qc3 Qe7 34. Qc6
Rd7 35. Qc8 Kh7 36. Be2 Ng7 37. g4 Ne8 38. Bb5 Rd8 39. Qc6 Qb4 40. Qc2 Qe7 41.
Kg2 Qb7 42. h4 a6 43. Bd3 Rd7 44. h5 Rc7 45. hxg6+ Kg7 46. Qd2 fxg6 47. Bxh6+
Kf7 48. Qf4+ Ke7 49. Qxf8+ Kd7 50. Qf7+ Kd8 51. Bg5+ 1-0

[Event "24. Torneo San Viator"]
[Site "Madrid ESP"]
[Date "2015.05.17"]
[Round "7.18"]
[White "Lizon Martinez, Santiago"]
[Black "Uceda Martinez, Jacinto"]
[Result "0-1"]
[WhiteElo "1628"]
[BlackElo "1800"]
[PlyCount "90"]
[EventDate "2015.03.22"]
[EventType "swiss"]
[EventRounds "9"]
[EventCountry "ESP"]
[Source "lmi"]
[SourceDate "2015.03.22"]

1. e4 c5 2. Nf3 a6 3. d4 cxd4 4. Nxd4 Nf6 5. Nc3 e5 6. Nb3 Bb4 7. Bd3 Qc7 8.
Bd2 d6 9. O-O O-O 10. a3 Bxc3 11. Bxc3 Nbd7 12. Kh1 b5 13. f4 Bb7 14. Nd2 Nc5
15. fxe5 dxe5 16. Qe2 Na4 17. Rf5 Nxc3 18. bxc3 Qxc3 19. Raf1 Nd7 20. Nf3 Rae8
21. a4 bxa4 22. Ng5 f6 23. Bc4+ Kh8 24. Nxh7 g6 25. R5f3 Qb4 26. Rh3 Kg7 27.
Nxf8 Rxf8 28. Be6 Nc5 29. Bf5 Bxe4 30. c3 Qb7 31. Rg3 Bxf5 32. Rxf5 Ne4 33. Rg4
Nxc3 34. Qc4 Rc8 35. Qd3 Rd8 36. Rxg6+ Kxg6 37. Qg3+ Kxf5 38. Qh3+ Kg5 39. Qg3+
Kh6 40. Qh4+ Kg7 41. Qg4+ Kh8 42. Qh4+ Kg8 43. Qc4+ Qf7 44. Qg4+ Kf8 45. Qb4+
Qe7 0-1

[Event "24. Torneo San Viator"]
[Site "Madrid ESP"]
[Date "2015.05.17"]
[Round "7.19"]
[White "Perez Gonzalez, Manuel"]
[Black "Linares Leyva, David"]
[Result "0-1"]
[WhiteElo "1582"]
[BlackElo "1782"]
[PlyCount "126"]
[EventDate "2015.03.22"]
[EventType "swiss"]
[EventRounds "9"]
[EventCountry "ESP"]
[Source "lmi"]
[SourceDate "2015.03.22"]

1. c4 Nf6 2. d3 g6 3. Nf3 Bg7 4. g3 O-O 5. Bg2 c6 6. Nc3 d5 7. O-O Nbd7 8. cxd5
cxd5 9. d4 a6 10. Qb3 Nb6 11. Ne5 Be6 12. Bd2 Ne4 13. Nxe4 dxe4 14. Qc2 f6 15.
Nxg6 hxg6 16. Qxe4 Bd5 17. Qxg6 Bxg2 18. Kxg2 Qxd4 19. Bc3 Qd5+ 20. e4 Qf7 21.
Qg4 Nc4 22. h4 Kh8 23. h5 Bh6 24. Qf5 Rg8 25. Qf3 Rg7 26. b3 Ne5 27. Bxe5 fxe5
28. Qxf7 Rxf7 29. f3 Rc8 30. Rf2 Kg7 31. Rd1 Be3 32. Re2 Bd4 33. g4 Kh6 34. Kg3
Rc3 35. Rf1 Kg5 36. Rh2 Be3 37. Re2 Bf4+ 38. Kg2 Be3 39. Kg3 Bd4 40. Rh2 Rf6
41. Re2 b6 42. Rd2 a5 43. Re2 b5 44. Rd2 b4 45. Re2 Be3 46. Rb2 Rfc6 47. Re2
Bf4+ 48. Kg2 Rc2 49. Rfe1 R6c3 50. Kf2 Rxe2+ 51. Rxe2 Rd3 52. Rc2 Rd2+ 53. Rxd2
Bxd2 54. Ke2 Bf4 55. Kd3 Kh4 56. Kc4 Kg3 57. Kd5 Kxf3 58. h6 Bxh6 59. Kxe5 Kxg4
60. Ke6 Bg5 61. e5 Kf4 62. Kd5 Kf5 63. e6 Bd2 0-1

[Event "24. Torneo San Viator"]
[Site "Madrid ESP"]
[Date "2015.05.17"]
[Round "7.20"]
[White "Del Noval Nemeshazi, Nesztor"]
[Black "Mateos Cordero, Francisco"]
[Result "0-1"]
[WhiteElo "1770"]
[BlackElo "1596"]
[PlyCount "56"]
[EventDate "2015.03.22"]
[EventType "swiss"]
[EventRounds "9"]
[EventCountry "ESP"]
[Source "lmi"]
[SourceDate "2015.03.22"]

1. e4 c5 2. Nf3 d6 3. d4 cxd4 4. Nxd4 Nf6 5. Nc3 a6 6. Bg5 e6 7. f4 Be7 8. Qf3
Qc7 9. O-O-O Nbd7 10. g4 b5 11. Bd3 Bb7 12. f5 Nc5 13. fxe6 fxe6 14. a3 O-O 15.
Qe2 Bc8 16. h4 Rb8 17. Rdg1 b4 18. axb4 Rxb4 19. Bc4 Qa5 20. Bf4 Qa1+ 21. Kd2
Qxb2 22. Rb1 Nfxe4+ 23. Nxe4 Qxd4+ 24. Bd3 Rxf4 25. Rxb4 Qxb4+ 26. Ke3 Nxe4 27.
c3 Nxc3 28. Qc2 Qd4+ 0-1

[Event "24. Torneo San Viator"]
[Site "Madrid ESP"]
[Date "2015.05.17"]
[Round "7.24"]
[White "Andres Rodriguez, Florencio"]
[Black "Barahona Torrijos, Angel"]
[Result "0-1"]
[WhiteElo "1542"]
[BlackElo "1782"]
[PlyCount "44"]
[EventDate "2015.03.22"]
[EventType "swiss"]
[EventRounds "9"]
[EventCountry "ESP"]
[Source "lmi"]
[SourceDate "2015.03.22"]

1. d4 Nf6 2. c4 e6 3. Nc3 d5 4. e3 Bb4 5. a3 Bxc3+ 6. bxc3 Ne4 7. Qc2 f5 8. Ne2
O-O 9. cxd5 exd5 10. g3 Nd7 11. Bg2 Ndf6 12. O-O b6 13. Bb2 Ba6 14. Rfe1 Ng4
15. Bxe4 fxe4 16. Nf4 Qd6 17. a4 Qh6 18. h4 g5 19. Nxd5 Nxf2 20. Qb3 Kh8 21.
Nxc7 Qd6 22. Kg2 Rf3 0-1

[Event "24. Torneo San Viator"]
[Site "Madrid ESP"]
[Date "2015.05.17"]
[Round "7.25"]
[White "Rodriguez Alonso, Marcos"]
[Black "Garcia Rojas, Juan Carlos"]
[Result "1-0"]
[WhiteElo "1738"]
[BlackElo "1528"]
[PlyCount "100"]
[EventDate "2015.03.22"]
[EventType "swiss"]
[EventRounds "9"]
[EventCountry "ESP"]
[Source "lmi"]
[SourceDate "2015.03.22"]

1. e4 c5 2. Nf3 d6 3. d4 e6 4. Nc3 cxd4 5. Nxd4 e5 6. Nb3 Be6 7. Be2 Be7 8. O-O
Nf6 9. f4 O-O 10. f5 Bxb3 11. cxb3 Nc6 12. Be3 a6 13. Rc1 Rc8 14. Nd5 Nxd5 15.
Qxd5 Qa5 16. Qxa5 Nxa5 17. b4 Nc6 18. b5 axb5 19. Bxb5 Nd4 20. Bd3 Nc6 21. a3
Bf6 22. Rfd1 Ne7 23. Bc4 Rfd8 24. Bb6 Rd7 25. Bb5 Nc6 26. Rc3 Bd8 27. Bc5 Bc7
28. Rcd3 Rdd8 29. Bxc6 bxc6 30. Bxd6 Bb6+ 31. Kf1 f6 32. Bb4 Bd4 33. Bc5 Rb8
34. Bxd4 exd4 35. b4 Kf7 36. Rxd4 Ke7 37. Rxd8 Rxd8 38. Rxd8 Kxd8 39. Ke2 Kc7
40. Kd3 Kd6 41. Kd4 g5 42. g4 Kc7 43. Kc5 Kd7 44. a4 Kc7 45. a5 h6 46. a6 Kb8
47. Kb6 Ka8 48. Kxc6 Ka7 49. b5 Ka8 50. b6 h5 1-0

[Event "24. Torneo San Viator"]
[Site "Madrid ESP"]
[Date "2015.05.17"]
[Round "7.26"]
[White "Ortega Palacios, Alejandro"]
[Black "Montero Montero, Juan Jose"]
[Result "1/2-1/2"]
[WhiteElo "1524"]
[BlackElo "1732"]
[PlyCount "115"]
[EventDate "2015.03.22"]
[EventType "swiss"]
[EventRounds "9"]
[EventCountry "ESP"]
[Source "lmi"]
[SourceDate "2015.03.22"]

1. d4 Nf6 2. c4 e6 3. Nc3 Bb4 4. Bd2 b6 5. Nf3 Bb7 6. e3 O-O 7. Bd3 a5 8. O-O
Re8 9. Re1 Bxc3 10. Bxc3 Ne4 11. Rc1 Nxc3 12. Rxc3 f5 13. Qe2 Be4 14. Rec1 Bxd3
15. Qxd3 d6 16. c5 Na6 17. cxb6 cxb6 18. Qb5 Nb4 19. Qc4 Rb8 20. a3 b5 21. Qb3
Nd5 22. Rc6 Qd7 23. Qd3 Rb6 24. Rxb6 Nxb6 25. Qc3 Rc8 26. Qd2 a4 27. Rxc8+ Qxc8
28. h3 Nc4 29. Qb4 Qd7 30. Nd2 Nxd2 31. Qxd2 Qc6 32. Qb4 h6 33. g3 Kf8 34. h4
Ke7 35. Kf1 g5 36. hxg5 hxg5 37. Ke2 g4 38. Qc3 Kd7 39. Qxc6+ Kxc6 40. Kd3 Kd5
41. Kc3 Ke4 42. Kb4 Kf3 43. Kxb5 Kxf2 44. Kxa4 Kxg3 45. b4 Kf2 46. b5 g3 47. b6
g2 48. b7 g1=Q 49. b8=Q Qd1+ 50. Ka5 Kxe3 51. Qxd6 Qxd4 52. Qxe6+ Qe4 53. Qb6+
Qd4 54. Qe6+ Kf4 55. a4 Qe5+ 56. Qxe5+ Kxe5 57. Kb6 f4 58. a5 1/2-1/2

[Event "24. Torneo San Viator"]
[Site "Madrid ESP"]
[Date "2015.05.17"]
[Round "7.28"]
[White "Blanco Diez, David"]
[Black "Cortijo Manso, Luis"]
[Result "1-0"]
[WhiteElo "1645"]
[BlackElo "1523"]
[PlyCount "73"]
[EventDate "2015.03.22"]
[EventType "swiss"]
[EventRounds "9"]
[EventCountry "ESP"]
[Source "lmi"]
[SourceDate "2015.03.22"]

1. e4 e6 2. d3 d5 3. Nd2 dxe4 4. dxe4 g6 5. Ngf3 Bg7 6. Bd3 Ne7 7. O-O O-O 8.
a4 Nbc6 9. Re1 Ne5 10. Nxe5 Bxe5 11. Nf3 Bg7 12. e5 Nc6 13. Bg5 Qd7 14. Qd2 Nd4
15. Nxd4 Qxd4 16. c3 Qd7 17. b3 c6 18. Rad1 Qc7 19. Bf1 b6 20. Qd6 Qb8 21. Bf6
Bxf6 22. exf6 Qxd6 23. Rxd6 Bb7 24. Red1 Rab8 25. g4 c5 26. Bg2 Bxg2 27. Kxg2
a6 28. g5 a5 29. f4 Rfc8 30. h4 Kf8 31. R6d2 Kg8 32. c4 Re8 33. Kg3 Rec8 34.
Kg4 Re8 35. h5 Kf8 36. hxg6 hxg6 37. Rh1 1-0

[Event "24. Torneo San Viator"]
[Site "Madrid ESP"]
[Date "2015.05.17"]
[Round "7.29"]
[White "Aranda Perez, Ivan"]
[Black "Moreno Sanchez, Guillermo"]
[Result "0-1"]
[WhiteElo "1413"]
[BlackElo "1626"]
[PlyCount "58"]
[EventDate "2015.03.22"]
[EventType "swiss"]
[EventRounds "9"]
[EventCountry "ESP"]
[Source "lmi"]
[SourceDate "2015.03.22"]

1. e4 d6 2. d4 Nf6 3. Bd3 g6 4. h3 Bg7 5. c3 O-O 6. Nf3 Nbd7 7. O-O e5 8. Be3
c6 9. Re1 a5 10. a4 Nh5 11. Bg5 f6 12. Be3 Bh8 13. Bh6 Bg7 14. Be3 d5 15. Qb3
Nb8 16. dxe5 fxe5 17. exd5 cxd5 18. Bb6 Qd6 19. Be3 Kh8 20. Nh2 Nc6 21. Be2 Nf6
22. Nd2 Be6 23. Qb6 Nd7 24. Qb5 d4 25. cxd4 exd4 26. Ne4 Qd5 27. Qxd5 Bxd5 28.
Bxd4 Bxd4 29. Ng3 Bxf2+ 0-1

[Event "24. Torneo San Viator"]
[Site "Madrid ESP"]
[Date "2015.05.17"]
[Round "7.30"]
[White "Sierra Bermejo, Gregorio"]
[Black "Bermejo Jimenez, Adolfo"]
[Result "1-0"]
[WhiteElo "1605"]
[BlackElo "1419"]
[PlyCount "57"]
[EventDate "2015.03.22"]
[EventType "swiss"]
[EventRounds "9"]
[EventCountry "ESP"]
[Source "lmi"]
[SourceDate "2015.03.22"]

1. e4 c6 2. d4 d5 3. Nd2 dxe4 4. Nxe4 Bf5 5. Ng3 Bg6 6. Nf3 e6 7. Ne5 Bd6 8. f4
Bxe5 9. fxe5 h6 10. h4 Ne7 11. h5 Bh7 12. Be3 Nf5 13. Nxf5 Bxf5 14. Bd3 Qd5 15.
Bxf5 exf5 16. Qf3 Qxf3 17. gxf3 Nd7 18. Rg1 Rh7 19. O-O-O b6 20. f4 Rd8 21. Bf2
Nb8 22. Bh4 Rd7 23. c4 Na6 24. a3 Nc7 25. Bf2 Ne6 26. Be3 Ke7 27. d5 cxd5 28.
cxd5 Rc7+ 29. Kb1 1-0

[Event "24. Torneo San Viator"]
[Site "Madrid ESP"]
[Date "2015.05.17"]
[Round "7.31"]
[White "Ingunza Curro, Andres"]
[Black "Castro Uceda, Jose Antonio"]
[Result "0-1"]
[WhiteElo "1311"]
[BlackElo "1604"]
[PlyCount "136"]
[EventDate "2015.03.22"]
[EventType "swiss"]
[EventRounds "9"]
[EventCountry "ESP"]
[Source "lmi"]
[SourceDate "2015.03.22"]

1. e4 c5 2. Nf3 d6 3. d4 cxd4 4. Nxd4 Nf6 5. Nc3 a6 6. Be3 e6 7. Bd3 Be7 8. Qd2
O-O 9. O-O-O Nc6 10. Nb3 b5 11. f3 Qc7 12. g4 Rd8 13. h4 d5 14. Qf2 Rb8 15. h5
dxe4 16. Bxe4 Bb7 17. Bb6 Qf4+ 18. Qe3 Qxe3+ 19. Bxe3 b4 20. Ne2 Nxe4 21. fxe4
Ne5 22. Bf4 f6 23. Ng3 Rbc8 24. Bxe5 fxe5 25. Rxd8+ Rxd8 26. Na5 Ba8 27. Nc4
Bg5+ 28. Kb1 Bf4 29. Ne2 Bxe4 30. Rf1 Bf3 31. Nxf4 exf4 32. Ne5 Be4 33. b3 Rf8
34. g5 Rf5 35. Nd7 f3 36. Rg1 f2 37. Rf1 Bg2 38. Rxf2 Rxf2 39. Nc5 e5 40. Nxa6
Rf4 41. Nc5 e4 42. Kc1 e3 43. Kd1 Bf3+ 44. Ke1 Bxh5 45. Nd3 Rf5 46. Nxb4 e2 47.
Kd2 Rxg5 48. Nd3 Rg1 49. Ne1 g5 50. c4 Rf1 51. c5 Rf6 52. Ke3 Ra6 53. b4 Rxa2
54. b5 Ra5 55. Kd4 Rxb5 56. c6 Rb1 57. Nc2 e1=Q 58. Nxe1 Rxe1 59. Kd5 g4 60. c7
Rc1 61. Kd6 g3 62. Kd7 Bg4+ 63. Kd6 g2 64. c8=Q+ Rxc8 65. Ke5 g1=Q 66. Kf4 Rf8+
67. Kg5 Bc8+ 68. Kh4 Qg4# 0-1

[Event "24. Torneo San Viator"]
[Site "Madrid ESP"]
[Date "2015.05.17"]
[Round "7.33"]
[White "Ramos Barbancho, Jose Manuel"]
[Black "Rodriguez Varela, Alvaro"]
[Result "1/2-1/2"]
[WhiteElo "1455"]
[BlackElo "1745"]
[PlyCount "40"]
[EventDate "2015.03.22"]
[EventType "swiss"]
[EventRounds "9"]
[EventCountry "ESP"]
[Source "lmi"]
[SourceDate "2015.03.22"]

1. e4 e5 2. Nf3 Nc6 3. Bb5 a6 4. Ba4 Nf6 5. O-O Nxe4 6. Re1 Nc5 7. Bxc6 dxc6 8.
Nxe5 Be7 9. d4 Ne6 10. Be3 O-O 11. c4 Bd6 12. c5 Be7 13. Nc3 Bf6 14. Ne4 Be7
15. Nc3 Bf6 16. Ne4 Be7 17. Nc3 f6 18. Nf3 f5 19. Qb3 Kh8 20. Rac1 f4 1/2-1/2

[Event "24. Torneo San Viator"]
[Site "Madrid ESP"]
[Date "2015.05.17"]
[Round "7.34"]
[White "Del Noval Perez, Jeronimo"]
[Black "Munoz Cebey, Ricardo"]
[Result "1-0"]
[WhiteElo "1435"]
[BlackElo "1723"]
[PlyCount "65"]
[EventDate "2015.03.22"]
[EventType "swiss"]
[EventRounds "9"]
[EventCountry "ESP"]
[Source "lmi"]
[SourceDate "2015.03.22"]

1. e4 c6 2. Nc3 d5 3. Nf3 Bg4 4. exd5 cxd5 5. d4 Nc6 6. Be2 e6 7. O-O Nf6 8.
Bg5 Be7 9. a3 O-O 10. Qd3 Rc8 11. b4 Bf5 12. Qd2 Ne4 13. Nxe4 dxe4 14. Bxe7
Qxe7 15. Ne5 Nxe5 16. dxe5 Qc7 17. Rac1 Qxe5 18. Qe3 b6 19. c4 h6 20. c5 bxc5
21. bxc5 Rfd8 22. c6 Qd4 23. Rfd1 Qxe3 24. Rxd8+ Rxd8 25. fxe3 e5 26. c7 Rf8
27. Ba6 Bc8 28. Bb5 g5 29. Rc4 a6 30. Bc6 Be6 31. Rc5 f6 32. Bd5 Bxd5 33. Rxd5
1-0

[Event "24. Torneo San Viator"]
[Site "Madrid ESP"]
[Date "2015.05.17"]
[Round "7.36"]
[White "Rojo Jorge, Angel"]
[Black "Valdes Sanchez, Jesus Manuel"]
[Result "0-1"]
[WhiteElo "1400"]
[BlackElo "1588"]
[PlyCount "82"]
[EventDate "2015.03.22"]
[EventType "swiss"]
[EventRounds "9"]
[EventCountry "ESP"]
[Source "lmi"]
[SourceDate "2015.03.22"]

1. Nf3 Nf6 2. c4 d5 3. g3 c6 4. Bg2 g6 5. b3 Bg7 6. Bb2 Qb6 7. Bxf6 Bxf6 8. Nc3
Bf5 9. cxd5 Qa5 10. dxc6 Nxc6 11. Rc1 Rd8 12. e4 Bg4 13. Ne2 Qxa2 14. Qc2 Qxc2
15. Rxc2 O-O 16. O-O Bxf3 17. Bxf3 Rd3 18. Bg2 Rxb3 19. Nf4 e6 20. Re1 a5 21.
e5 Nxe5 22. d4 Nf3+ 23. Bxf3 Rxf3 24. d5 exd5 25. Nxd5 Bd4 26. Re7 Rb3 27. Rd7
Bb2 28. Rcc7 b5 29. Ra7 a4 30. Rdb7 a3 31. Nc7 Bd4 32. Ra6 b4 33. Ra4 Rb2 34.
Kg2 Rxf2+ 35. Kh3 Bc3 36. Nd5 a2 37. Nxc3 bxc3 38. Rc7 Rc2 39. Ra3 Kg7 40. Rc6
Re8 41. Kg4 Re1 0-1